[Event "Reykjavik Open 2026"]
[Site "Reykjavik ISL"]
[Date "2026.03.28"]
[Round "6.33"]
[White "Kjartansson, Gudmundur"]
[Black "Pleschke, Julius Jonas"]
[Result "1-0"]
[WhiteTitle "GM"]
[BlackTitle "CM"]
[WhiteElo "2416"]
[BlackElo "2208"]
[WhiteFideId "2301318"]
[BlackFideId "54734258"]
[EventDate "2026.03.25"]

1. e4 c6 2. d4 d5 3. e5 Bf5 4. Nf3 e6 5. Be2 Nd7 6. O-O Ne7 7. c3 h6 8. Na3 Bh7
9. Nc2 c5 10. dxc5 Nxc5 11. Nfd4 Nc6 12. f4 Be7 13. Be3 O-O 14. Kh1 Rc8 15. Ne1
a6 16. Nd3 Nxd3 17. Bxd3 Bxd3 18. Qxd3 Nxd4 19. Bxd4 Bc5 20. f5 Bxd4 21. Qxd4
Qg5 22. Rae1 Kh7 23. Rf3 Rc4 24. Qf2 Re4 25. Rf1 Rxe5 26. f6 g6 27. Qb6 Re2 28.
Rg1 Qd2 29. Rg3 Re1 30. h3 Rxg1+ 31. Kxg1 Qe1+ 32. Kh2 Qe5 33. Qxb7 Kg8 34. Qxa6
h5 35. Qa4 Qxf6 36. Rf3 Qe5+ 37. Qf4 Qxf4+ 38. Rxf4 Ra8 39. a4 Kf8 40. Rb4 Ke7
41. Kg3 Kd7 42. Rb7+ Kc6 43. Rxf7 Rxa4 44. Rf6 Kd6 45. Rxg6 Ra2 46. Kh4 Rxb2 47.
Kxh5 Rb3 48. h4 Rxc3 49. Kg4 Ke7 50. h5 Kf7 51. Kf4 d4 52. g4 Re3 53. g5 Rh3 54.
Rf6+ Ke7 55. Kg4 Rh1 56. Rf3 Rg1+ 57. Kf4 Rh1 58. h6 Kf7 59. Kg4+ Kg8 60. Ra3
Kh8 61. Ra8+ Kh7 62. Ra7+ Kh8 63. Rd7 e5 64. Kf5 Rf1+ 65. Kxe5 Re1+ 66. Kf6 Rf1+
67. Kg6 Rf8 68. Rxd4 Ra8 69. Rd5 Rb8 70. Kh5 Kh7 71. g6+ Kh8 72. Rf5 Rc8 73.
Rf8+ Rxf8 74. g7+ Kg8 75. Kg6 Re8 76. h7# 1-0

[Event "Reykjavik Open 2026"]
[Site "Reykjavik ISL"]
[Date "2026.03.28"]
[Round "6.34"]
[White "Manish Anto, Cristiano F"]
[Black "Liu, Bei"]
[Result "0-1"]
[WhiteTitle "IM"]
[WhiteElo "2384"]
[BlackElo "1963"]
[WhiteFideId "25095927"]
[BlackFideId "8603596"]
[EventDate "2026.03.25"]

1. e4 e5 2. Nf3 Nc6 3. Bb5 a6 4. Ba4 Nf6 5. O-O Nxe4 6. d4 b5 7. Bb3 d5 8. dxe5
Be6 9. c3 Bc5 10. Nbd2 O-O 11. Bc2 Nxf2 12. Rxf2 f6 13. Nf1 Bxf2+ 14. Kxf2 fxe5
15. Kg1 Bg4 16. Ne3 Be6 17. Bb3 e4 18. Nd4 Nxd4 19. Qxd4 c6 20. Nf1 Rxf1+ 21.
Kxf1 Qh4 22. h3 Rf8+ 23. Ke2 Bg4+ 24. hxg4 Qxg4+ 25. Ke1 Qxg2 26. Bf4 Rxf4 27.
Bxd5+ cxd5 28. Qxd5+ Rf7 29. Rc1 Qh1+ 30. Kd2 e3+ 0-1

[Event "Reykjavik Open 2026"]
[Site "Reykjavik ISL"]
[Date "2026.03.28"]
[Round "6.35"]
[White "Zhang, Jiabao"]
[Black "Griffith, Kyron"]
[Result "1/2-1/2"]
[BlackTitle "IM"]
[WhiteElo "2184"]
[BlackElo "2415"]
[WhiteFideId "8606560"]
[BlackFideId "2046318"]
[EventDate "2026.03.25"]

1. e4 c5 2. Nf3 e6 3. d4 cxd4 4. Nxd4 Nf6 5. Nc3 Nc6 6. Ndb5 d6 7. Bf4 e5 8. Bg5
a6 9. Na3 b5 10. Bxf6 gxf6 11. Nd5 Bg7 12. Bd3 Ne7 13. Nxe7 Qxe7 14. c4 O-O 15.
O-O f5 16. Qf3 bxc4 17. Nxc4 f4 18. Nb6 Ra7 19. Nxc8 Rxc8 20. Rac1 Qd7 21. Bc4
Rac7 22. b3 Kh8 23. Rcd1 a5 24. Rd5 Rc5 25. Rfd1 Bf8 26. Rxc5 Rxc5 1/2-1/2

[Event "Reykjavik Open 2026"]
[Site "Reykjavik ISL"]
[Date "2026.03.28"]
[Round "6.36"]
[White "Tutisani, Noe"]
[Black "Mariller, Romain"]
[Result "1-0"]
[WhiteTitle "IM"]
[WhiteElo "2454"]
[BlackElo "2031"]
[WhiteFideId "13602853"]
[BlackFideId "45136912"]
[EventDate "2026.03.25"]

1. e4 c5 2. Nc3 g6 3. d4 cxd4 4. Qxd4 Nf6 5. Nf3 Nc6 6. Qa4 d6 7. e5 dxe5 8.
Nxe5 Bd7 9. Nxd7 Nxd7 10. Be3 Bg7 11. Be2 O-O 12. Rd1 Qc8 13. h4 Nb6 14. Qb3 Rd8
15. h5 Rxd1+ 16. Nxd1 Nd4 17. Bxd4 Bxd4 18. c3 Bf6 19. Ne3 Qd7 20. O-O Qa4 21.
Nd5 Qxb3 22. Nxf6+ exf6 23. axb3 Rd8 24. Bf3 Rd7 25. Ra1 a6 26. h6 Kf8 27. c4 f5
28. c5 Nd5 29. Rd1 Nf6 30. Rxd7 Nxd7 31. b4 Ke7 32. Bxb7 Nb8 33. f4 Kd7 34. Kf2
Nc6 35. Bxc6+ Kxc6 36. Ke3 Kd5 37. Kd3 f6 38. g3 g5 39. Ke3 1-0

[Event "Reykjavik Open 2026"]
[Site "Reykjavik ISL"]
[Date "2026.03.28"]
[Round "6.37"]
[White "Akhvlediani, Irakli"]
[Black "Bathula, Abhinav Reddy"]
[Result "1-0"]
[WhiteTitle "IM"]
[WhiteElo "2429"]
[BlackElo "2020"]
[WhiteFideId "13601938"]
[BlackFideId "35005693"]
[EventDate "2026.03.25"]

1. d4 Nf6 2. c4 g6 3. Nc3 Bg7 4. e4 d6 5. h3 O-O 6. Be3 e5 7. d5 Na6 8. Nf3 Nh5
9. g3 f5 10. exf5 gxf5 11. Nh4 Nf6 12. Be2 Nc5 13. Qc2 Nfe4 14. Nxe4 Nxe4 15.
Bd3 c6 16. Nxf5 Qa5+ 17. Ke2 Bxf5 18. Bxe4 Bxe4 19. Qxe4 c5 20. a4 a6 21. Rhb1
Rf6 22. Bg5 Rf7 23. Bd2 Qc7 24. Be3 Qa5 25. Kf1 Raf8 26. Kg2 Kh8 27. b3 Rf6 28.
Ra2 b5 29. cxb5 axb5 30. b4 cxb4 31. Qxb4 Qa8 32. Qxb5 Bh6 33. Bxh6 Rxh6 34. Qc4
Qa7 35. a5 Qd7 36. Qg4 Qf7 37. Qe4 Qh5 38. Rh1 Rhf6 39. a6 Qf7 40. Rf1 Qa7 41.
Qb4 Rb8 42. Qc3 Rbf8 43. Qc4 R8f7 44. Rc2 h6 45. Rb2 Kg7 46. Re2 h5 47. h4 Rf3
48. Qa2 1-0

[Event "Reykjavik Open 2026"]
[Site "Reykjavik ISL"]
[Date "2026.03.28"]
[Round "6.38"]
[White "Tsolakidou, Stavroula"]
[Black "Tsatsalashvili, Keti"]
[Result "1-0"]
[WhiteTitle "IM"]
[BlackTitle "WGM"]
[WhiteElo "2479"]
[BlackElo "2305"]
[WhiteFideId "4264312"]
[BlackFideId "13603434"]
[EventDate "2026.03.25"]

1. e4 c5 2. Nf3 d6 3. d4 cxd4 4. Nxd4 Nf6 5. Nc3 Nc6 6. Bg5 e6 7. Qd2 a6 8. Nxc6
bxc6 9. O-O-O Be7 10. h4 Rb8 11. Bc4 h6 12. Bxf6 gxf6 13. f4 h5 14. Rhe1 e5 15.
f5 Qb6 16. Bb3 Bf8 17. Qe2 a5 18. g4 Ba6 19. Qf3 hxg4 20. Qxg4 Ke7 21. Kb1 Bb5
22. Nxb5 Qxb5 23. a4 Qc5 24. Rd3 Rd8 25. Red1 Qf2 26. Rc3 Qb6 27. h5 Bh6 28. Qe2
Rhf8 29. Qc4 Rc8 30. Rcd3 Rcd8 31. Rg3 Rd7 32. Ka2 Qc5 33. Qe2 Qb6 34. Qg2 Rdd8
35. Rdd3 Rh8 36. Rg4 Rdf8 37. Rdg3 Qb8 38. Qe2 Bg5 39. Rxg5 fxg5 40. Rxg5 Kf6
41. Rg3 Rfg8 42. Rc3 c5 43. Rd3 Qc7 44. Bc4 Rh7 45. Qd2 Rd8 46. Qh2 Kg7 47. Rg3+
Kf8 48. Qh4 Rb8 49. Qg5 Qb7 50. b3 Qxe4 51. Bd3 Qf4 52. Qg8+ Ke7 53. Qxb8 Qxg3
54. f6+ Kxf6 55. Bxh7 Ke6 56. Qe8+ Kf6 57. Qd7 1-0

[Event "Reykjavik Open 2026"]
[Site "Reykjavik ISL"]
[Date "2026.03.28"]
[Round "6.39"]
[White "Li, Harry"]
[Black "Sayce, Hannah"]
[Result "1-0"]
[BlackTitle "WCM"]
[WhiteElo "2181"]
[BlackElo "1889"]
[WhiteFideId "430145"]
[BlackFideId "3250695"]
[EventDate "2026.03.25"]

1. e4 c5 2. Nf3 d6 3. d4 cxd4 4. Nxd4 Nf6 5. Nc3 a6 6. Bg5 Nbd7 7. Qe2 e6 8.
O-O-O Be7 9. f4 h6 10. Bh4 Qc7 11. g4 g5 12. fxg5 hxg5 13. Bxg5 Ne5 14. Rg1 Bd7
15. h4 b5 16. a3 Rc8 17. Rg3 Nc4 18. Qf2 Qd8 19. Bxc4 Rxc4 20. Rf1 Rh7 21. Qe3
d5 22. exd5 Rxc3 23. bxc3 Nxd5 24. Qe5 Bxa3+ 25. Kd2 Qa5 26. Qb8+ 1-0

[Event "Reykjavik Open 2026"]
[Site "Reykjavik ISL"]
[Date "2026.03.28"]
[Round "6.40"]
[White "Erdogan, Ata Artun"]
[Black "Kadovic, Tamara"]
[Result "1-0"]
[WhiteElo "1731"]
[BlackElo "1602"]
[WhiteFideId "39932230"]
[BlackFideId "16512065"]
[EventDate "2026.03.25"]

1. d4 Nf6 2. Nf3 g6 3. Bf4 Bg7 4. c3 O-O 5. Nbd2 d6 6. e4 Nbd7 7. Be2 c5 8. O-O
Re8 9. h3 b6 10. Re1 Bb7 11. Bf1 e5 12. dxe5 dxe5 13. Bh2 Qe7 14. Qc2 Rad8 15.
a4 h6 16. Nc4 Nh7 17. Rad1 Ng5 18. Nxg5 Qxg5 19. Nd6 Bc8 20. Nxc8 f5 21. exf5
gxf5 22. Nd6 Re7 23. Bc4+ Kf8 24. Qxf5+ Bf6 25. Qxg5 hxg5 26. Ne4 Kg7 27. Nxf6
Kxf6 28. Rd6+ Kg7 29. Red1 e4 30. Bb5 Kf8 31. Rxd7 Rdxd7 32. Rxd7 Re6 33. Bd6+ 1-0

[Event "Reykjavik Open 2026"]
[Site "Reykjavik ISL"]
[Date "2026.03.28"]
[Round "6.41"]
[White "Sivanandan, Bodhana"]
[Black "Williams, Simon K"]
[Result "0-1"]
[WhiteTitle "WIM"]
[BlackTitle "GM"]
[WhiteElo "2268"]
[BlackElo "2443"]
[WhiteFideId "497592"]
[BlackFideId "404454"]
[EventDate "2026.03.25"]

1. e4 d6 2. d4 g6 3. Nc3 Bg7 4. Nf3 a6 5. a4 b6 6. Bc4 e6 7. O-O Ne7 8. Be3 Nd7
9. Qd2 h6 10. h3 Bb7 11. Rad1 Nf6 12. e5 Nfd5 13. exd6 cxd6 14. Nxd5 Nxd5 15. c3
Qd7 16. Ra1 Bc6 17. Rfe1 Qb7 18. Nh2 Nxe3 19. fxe3 O-O 20. Rf1 b5 21. axb5 axb5
22. Bd3 e5 23. Bc2 Bd5 24. Rfe1 exd4 25. exd4 h5 26. Nf1 Rxa1 27. Rxa1 Re8 28.
Bd3 b4 29. Rc1 Kh7 30. Qf2 Bh6 31. Rc2 bxc3 32. bxc3 Qb3 33. c4 Qxd3 34. cxd5
Re7 35. Rb2 Qe4 36. Rb8 Bg7 37. Nd2 Qxd4 38. Nf3 Qxd5 39. Rd8 Bf6 40. Rc8 Qf5
41. Rc6 Rb7 42. Rc2 Rb1+ 43. Kh2 h4 44. Re2 Kg7 45. Qe3 d5 46. Re1 Rxe1 47. Nxe1
Qe4 48. Qd2 Be5+ 49. Kg1 Bg3 50. Nc2 Bf4 51. Qd1 d4 52. Ne1 Qe3+ 53. Kf1 Qe4 54.
Nd3 Be3 55. Qe2 f5 56. Qc2 Kh6 57. Qd1 g5 58. Qb3 g4 59. Qb6+ Kh5 60. Qb3 Qc6
61. Qf7+ Qg6 62. Qf8 Bh6 63. Qh8 Qd6 64. Qe8+ Kg5 65. Qg8+ Qg6 66. Qd5 gxh3 67.
gxh3 Bg7 68. Nc5 Kh6 69. Ne6 Qf6 70. Nf4 Qe5 71. Qf3 Qb5+ 72. Kg2 Qe8 73. Kf2
Bf6 74. Kf1 Bg5 75. Ne2 Qe5 76. Qc6+ Bf6 77. Qc1+ Kg7 78. Nf4 Kh7 79. Nd3 Qg3
80. Nf2 Qd6 81. Qc2 Kg6 82. Qc8 Qd5 83. Qe8+ Kg5 84. Qe2 Qe5 85. Qxe5 Bxe5 86.
Ke2 Kf4 87. Nd3+ Ke4 88. Nf2+ Kd5 89. Nd3 Bg3 90. Kd2 f4 91. Ke2 Kc4 92. Ne5+
Kc3 93. Nf3 d3+ 94. Kd1 Bf2 95. Kc1 Kc4 96. Kd2 Be3+ 97. Kd1 Kd5 98. Ng5 Bc5 99.
Kd2 Kc4 100. Nf3 Bb4+ 101. Kd1 Kd5 102. Ng5 Kd4 103. Nf3+ Ke3 104. Nxh4 f3 105.
Nf5+ Kf4 106. Nd4 f2 107. Ne6+ Ke3 108. h4 f1=R# 0-1

[Event "Reykjavik Open 2026"]
[Site "Reykjavik ISL"]
[Date "2026.03.28"]
[Round "6.42"]
[White "Brodtkorb, Lars Johan"]
[Black "Perchard, Matthew"]
[Result "1-0"]
[WhiteElo "2118"]
[BlackElo "1787"]
[WhiteFideId "1522728"]
[BlackFideId "343404235"]
[EventDate "2026.03.25"]

1. d4 d5 2. c4 e6 3. Nf3 Nf6 4. g3 Be7 5. Bg2 O-O 6. Nc3 dxc4 7. Ne5 Nbd7 8.
Nxc4 c6 9. O-O Nd5 10. e4 Nxc3 11. bxc3 b5 12. Ne3 Bb7 13. h4 Nb6 14. h5 c5 15.
h6 g6 16. Qe2 cxd4 17. cxd4 a5 18. d5 exd5 19. exd5 f5 20. d6 Bf6 21. Bxb7 Bxa1
22. Nd5 Nxd5 23. Bxd5+ Kh8 24. Bb2+ Bxb2 25. Qxb2+ Qf6 26. Qxf6+ Rxf6 27. Bxa8
Rxd6 28. Re1 Kg8 29. Re8+ Kf7 30. Rh8 Rd2 31. Rxh7+ Kf6 32. Ra7 Rd8 33. h7 1-0

[Event "Reykjavik Open 2026"]
[Site "Reykjavik ISL"]
[Date "2026.03.28"]
[Round "6.43"]
[White "Stefansson, Hannes"]
[Black "Schmid, Bernhard"]
[Result "1/2-1/2"]
[WhiteTitle "GM"]
[WhiteElo "2417"]
[BlackElo "2015"]
[WhiteFideId "2300087"]
[BlackFideId "12915467"]
[EventDate "2026.03.25"]

1. e4 e5 2. Nf3 Nc6 3. Bb5 a6 4. Ba4 Nf6 5. O-O Be7 6. d3 b5 7. Bb3 O-O 8. a4 b4
9. a5 d6 10. Nbd2 Be6 11. Re1 Rb8 12. Bc4 Bxc4 13. dxc4 Nd4 14. Nxd4 exd4 15.
Nf1 c5 16. Ng3 Nd7 17. Nf5 Bf6 18. Nxd6 Ne5 19. Nf5 g6 20. Nh6+ Kh8 21. Ng4 Nxg4
22. Qxg4 b3 23. Ra3 d3 24. Qf3 d2 25. Bxd2 Qxd2 26. Qxf6+ Kg8 27. Raa1 bxc2 28.
h4 Rfd8 29. Rf1 Qe2 30. Rae1 Qxc4 31. h5 Qe6 32. Qc3 Qb3 33. Qf6 Qe6 34. Qg5 f6
35. Qc1 Qc4 36. hxg6 hxg6 37. e5 fxe5 38. Qg5 Qd3 39. Rxe5 Re8 40. Rd5 Qe4 41.
Rd6 Re6 42. Rd7 Rb7 43. Rd8+ Re8 44. Rd6 Re6 45. Qd8+ Kg7 46. Rb6 Rexb6 47. axb6
Qf4 48. Qd5 Rxb6 49. Qxc5 Rxb2 50. Qc3+ 1/2-1/2

[Event "Reykjavik Open 2026"]
[Site "Reykjavik ISL"]
[Date "2026.03.28"]
[Round "6.44"]
[White "Hill, Andy"]
[Black "Kurmann, Oliver"]
[Result "0-1"]
[BlackTitle "IM"]
[WhiteElo "2030"]
[BlackElo "2382"]
[WhiteFideId "499927"]
[BlackFideId "1308173"]
[EventDate "2026.03.25"]

1. Nf3 e6 2. d4 Nf6 3. e3 b6 4. Bd3 Bb7 5. O-O d5 6. b3 Bd6 7. Bb2 O-O 8. Nbd2
Nbd7 9. Ne5 Ne4 10. Nxd7 Qxd7 11. f3 Nxd2 12. Qxd2 c5 13. f4 Qc7 14. c3 a5 15.
a4 Ba6 16. c4 dxc4 17. bxc4 cxd4 18. exd4 f5 19. Qe3 Rfe8 20. Qg3 Qf7 21. Rac1
Rac8 22. Rc2 Bf8 23. Qe3 Qd7 24. Ra1 g6 25. Qf3 Bb7 26. Qf2 Bc6 27. Rd2 Bxa4 28.
Kf1 Bb3 29. Rc1 Bg7 30. Be2 Qa4 31. c5 Red8 32. Qe3 Bd5 33. Ra1 Qc6 34. cxb6
Bxg2+ 35. Kf2 Bd5 36. Rxa5 Qxb6 37. Ra6 Qc7 38. Ba3 Bh6 39. Kg3 g5 0-1

[Event "Reykjavik Open 2026"]
[Site "Reykjavik ISL"]
[Date "2026.03.28"]
[Round "6.45"]
[White "Belkaid, Sohan"]
[Black "Homer, Stephen J"]
[Result "1-0"]
[WhiteTitle "FM"]
[WhiteElo "2379"]
[BlackElo "1979"]
[WhiteFideId "45180350"]
[BlackFideId "410322"]
[EventDate "2026.03.25"]

1. e4 c5 2. Nf3 d6 3. Nc3 Nf6 4. Bc4 e6 5. d4 cxd4 6. Qxd4 Nc6 7. Qd3 a6 8. Bf4
Ng4 9. Rd1 Qb6 10. O-O Nge5 11. Qe2 Be7 12. Bb3 O-O 13. Bg3 Qc7 14. Rd2 b5 15.
Rfd1 Na5 16. Nxe5 dxe5 17. Qh5 Nxb3 18. cxb3 f6 19. f3 Bc5+ 20. Bf2 Bxf2+ 21.
Kxf2 Ra7 22. Kg1 Qe7 23. Qh4 Qc5+ 24. Qf2 Rc7 25. Qxc5 Rxc5 26. b4 Rc4 27. a3
Kf7 28. Ne2 Ke7 29. Nc1 Rd4 30. Rxd4 exd4 31. Rxd4 e5 32. Rd2 Be6 33. h4 h5 34.
Ne2 g5 35. Nc3 gxh4 36. Nd5+ Bxd5 37. Rxd5 Ke6 38. Rc5 Kd6 39. Kh2 Rg8 40. Rc2
Rf8 41. Kh3 f5 42. exf5 Rxf5 43. Kxh4 Kd5 44. Rc5+ Kd6 45. Rc8 e4 46. fxe4 Rf2
47. g3 Rh2+ 48. Kg5 Rg2 49. Ra8 Rxg3+ 50. Kxh5 Ke5 51. Rxa6 Kxe4 52. Ra5 Rb3 53.
Rxb5 Rxb2 54. a4 Kd4 55. a5 Ra2 56. Rb6 Kd5 1-0

[Event "Reykjavik Open 2026"]
[Site "Reykjavik ISL"]
[Date "2026.03.28"]
[Round "6.46"]
[White "Ragnarsson, Dagur"]
[Black "Gilbert, Michael A"]
[Result "1-0"]
[WhiteTitle "IM"]
[WhiteElo "2376"]
[BlackElo "1960"]
[WhiteFideId "2304058"]
[BlackFideId "2068036"]
[EventDate "2026.03.25"]

1. Nf3 Nf6 2. g3 g6 3. Bg2 Bg7 4. O-O O-O 5. d4 d5 6. c4 c6 7. Qb3 e6 8. Nc3
Nbd7 9. Rd1 Qe7 10. Bf4 b6 11. Ne5 Nxe5 12. Bxe5 Nd7 13. Bxg7 Kxg7 14. e4 dxc4
15. Qxc4 Bb7 16. e5 b5 17. Qb3 Rab8 18. Ne4 c5 19. Qa3 b4 20. Qxa7 cxd4 21. Nd6
Bxg2 22. Kxg2 Kg8 23. Ne4 1-0

[Event "Reykjavik Open 2026"]
[Site "Reykjavik ISL"]
[Date "2026.03.28"]
[Round "6.47"]
[White "Teeuwen, Jos"]
[Black "Ajay Krishna, S"]
[Result "0-1"]
[BlackTitle "IM"]
[WhiteElo "2024"]
[BlackElo "2354"]
[WhiteFideId "1008897"]
[BlackFideId "5096430"]
[EventDate "2026.03.25"]

1. e4 c5 2. Nc3 Nc6 3. Bb5 Nd4 4. Nf3 e6 5. O-O a6 6. Bd3 Nc6 7. a3 g6 8. b4 d6
9. Bb2 Bg7 10. Qb1 Nf6 11. bxc5 dxc5 12. e5 Nd7 13. Ne4 O-O 14. Bc3 Ndxe5 15.
Nxe5 Nxe5 16. Nxc5 Nf3+ 17. gxf3 Bxc3 18. dxc3 Qg5+ 19. Kh1 Qxc5 20. Qb4 Qc7 21.
a4 Bd7 22. Rab1 Rab8 23. Rfe1 a5 24. Qd4 Rfd8 25. Qe5 Rbc8 26. Qxc7 Rxc7 27. Be4
Bxa4 28. Ra1 Bc6 29. Rxa5 Bxe4 30. fxe4 Rd2 31. Kg2 Rxc3 32. Rb5 Rcxc2 33. Rf1
Rb2 0-1

[Event "Reykjavik Open 2026"]
[Site "Reykjavik ISL"]
[Date "2026.03.28"]
[Round "6.48"]
[White "Maton, Emily"]
[Black "Kukelko, Alexey"]
[Result "1/2-1/2"]
[BlackTitle "FM"]
[WhiteElo "2016"]
[BlackElo "2304"]
[WhiteFideId "343120293"]
[BlackFideId "14153084"]
[EventDate "2026.03.25"]

1. d4 Nf6 2. c4 c5 3. Nf3 cxd4 4. Nxd4 e5 5. Nf3 Nc6 6. g3 e4 7. Nd4 Bb4+ 8. Bd2
Bc5 9. Bc3 h5 10. e3 d6 11. Nxc6 bxc6 12. Qc2 O-O 13. Bg2 d5 14. Nd2 Bd6 15.
O-O-O Ng4 16. Nb3 Ba6 17. cxd5 Bd3 18. Qd2 cxd5 19. Bf1 Ne5 20. Bxe5 Bxe5 21.
Bxd3 exd3 22. Qxd3 Qf6 23. Rd2 Rfd8 24. Kb1 a5 25. Rc1 Rab8 26. Nd4 Rb6 27. Rdc2
g6 28. Rc8 Rxc8 29. Rxc8+ Kg7 30. Rc2 Rb4 31. a3 Rb6 32. f4 Bd6 33. Qc3 a4 34.
Nf3 Rb3 35. Qxf6+ Kxf6 36. Rc6 1/2-1/2

[Event "Reykjavik Open 2026"]
[Site "Reykjavik ISL"]
[Date "2026.03.28"]
[Round "6.49"]
[White "Llari, Marc"]
[Black "Broihier, Ian"]
[Result "0-1"]
[WhiteTitle "FM"]
[WhiteElo "2300"]
[BlackElo "1922"]
[WhiteFideId "651044269"]
[BlackFideId "39902773"]
[EventDate "2026.03.25"]

1. e4 e5 2. Nf3 Nc6 3. Bb5 a6 4. Ba4 Nf6 5. d3 d6 6. c3 g6 7. O-O Bg7 8. h3 O-O
9. Re1 b5 10. Bc2 Bb7 11. Be3 Ne7 12. Nbd2 Nd7 13. Nf1 h6 14. Qe2 f5 15. Rad1 f4
16. Bc1 g5 17. d4 Qe8 18. a4 Nb6 19. a5 Nd7 20. c4 exd4 21. cxb5 axb5 22. Qxb5
Ba6 23. Qb3+ Kh8 24. Nxd4 Bxd4 25. Rxd4 f3 26. g4 Bxf1 27. Rxf1 Ne5 28. Qe6 Kg7
29. Ba4 Qd8 30. Rfd1 N7g6 31. b4 Rf6 32. Qb3 Qc8 33. Kf1 Qa6+ 34. Ke1 Qe2# 0-1

[Event "Reykjavik Open 2026"]
[Site "Reykjavik ISL"]
[Date "2026.03.28"]
[Round "6.50"]
[White "Moor, Olivier"]
[Black "Delpech, Anthony"]
[Result "1/2-1/2"]
[WhiteTitle "IM"]
[WhiteElo "2290"]
[BlackElo "1927"]
[WhiteFideId "1303112"]
[BlackFideId "36021245"]
[EventDate "2026.03.25"]

1. d4 Nf6 2. c4 g6 3. Nc3 d5 4. Bf4 Bg7 5. e3 c5 6. dxc5 Qa5 7. Qa4+ Qxa4 8.
Nxa4 Bd7 9. Nc3 dxc4 10. Bxc4 Bc6 11. Nf3 Nbd7 12. O-O Nh5 13. Rac1 Nxf4 14.
exf4 Bxf3 15. gxf3 O-O 16. b4 Rac8 17. Nd5 Bf6 18. Bb5 Rfd8 19. Rfe1 Kf8 20.
Rcd1 Nb8 21. Nxf6 exf6 22. a3 a6 23. Ba4 a5 24. Bb5 axb4 25. axb4 Nc6 26. Bxc6
bxc6 27. Kf1 Rb8 28. Rd6 Rxd6 29. cxd6 Rxb4 30. d7 Rb8 31. Rc1 Ke7 32. Rxc6 Rd8
33. Kg2 Rxd7 34. Ra6 1/2-1/2

[Event "Reykjavik Open 2026"]
[Site "Reykjavik ISL"]
[Date "2026.03.29"]
[Round "7.1"]
[White "Tabatabaei, M. Amin"]
[Black "Maurizzi, MarcAndria"]
[Result "1-0"]
[WhiteTitle "GM"]
[BlackTitle "GM"]
[WhiteElo "2700"]
[BlackElo "2614"]
[WhiteFideId "12521213"]
[BlackFideId "36083534"]
[EventDate "2026.03.25"]

1. d4 d5 2. c4 dxc4 3. Nf3 Nf6 4. e3 Bg4 5. Bxc4 e6 6. h3 Bh5 7. Nc3 c5 8. g4
Bg6 9. h4 cxd4 10. h5 Bxh5 11. Bb5+ Nfd7 12. Qxd4 Bg6 13. Ne5 Nc6 14. Nxc6 bxc6
15. Bxc6 Rc8 16. Ba4 f6 17. Qxa7 Bc5 18. Qxd7+ Qxd7 19. Bxd7+ Kxd7 20. Bd2 h5
21. gxh5 Bxh5 22. Na4 Ba7 23. Rc1 Bf3 24. Rxh8 Rxh8 25. Ba5 Rh1+ 26. Kd2 Rxc1
27. Kxc1 f5 28. Kd2 g5 29. b4 Kc6 30. Nc3 f4 31. b5+ Kb7 32. Bb4 fxe3+ 33. fxe3
g4 34. Bd6 Bb6 35. a4 Ba5 36. Kd3 Bg2 37. Ne4 Be1 38. Nd2 Bd5 39. e4 Ba2 40. Bf4
g3 41. a5 g2 42. a6+ Kc8 43. b6 g1=Q 44. b7+ Kd7 45. b8=Q Bxd2 46. Qd6+ Ke8 47.
Kxd2 Qf2+ 48. Kc3 Qe1+ 49. Qd2 Qxe4 50. Qxa2 Qf3+ 51. Kb4 Qxf4+ 52. Qc4 Qd2+ 53.
Kb5 Kd8 54. a7 Qd7+ 55. Ka6 Qd6+ 56. Ka5 Qd2+ 57. Qb4 Qa2+ 58. Kb6 Qf2+ 59. Ka6 1-0

[Event "Reykjavik Open 2026"]
[Site "Reykjavik ISL"]
[Date "2026.03.29"]
[Round "7.2"]
[White "Zhou, Jianchao"]
[Black "Brodsky, David"]
[Result "1/2-1/2"]
[WhiteTitle "GM"]
[BlackTitle "GM"]
[WhiteElo "2584"]
[BlackElo "2505"]
[WhiteFideId "8603537"]
[BlackFideId "2073250"]
[EventDate "2026.03.25"]

1. c4 c5 2. Nf3 Nc6 3. d4 cxd4 4. Nxd4 Nf6 5. Nc3 d5 6. Qa4 e6 7. cxd5 Nxd5 8.
Nxc6 Nxc3 9. bxc3 bxc6 10. e4 Qc7 11. Be3 Bd6 12. Be2 O-O 13. g3 1/2-1/2

[Event "Reykjavik Open 2026"]
[Site "Reykjavik ISL"]
[Date "2026.03.29"]
[Round "7.3"]
[White "Xiao, Tong(QD)"]
[Black "Razafindratsima, Timothe"]
[Result "1/2-1/2"]
[WhiteTitle "GM"]
[BlackTitle "IM"]
[WhiteElo "2555"]
[BlackElo "2504"]
[WhiteFideId "8622388"]
[BlackFideId "36069884"]
[EventDate "2026.03.25"]

1. e4 c5 2. Nf3 d6 3. d4 cxd4 4. Nxd4 Nf6 5. Nc3 a6 6. Be2 e5 7. Nb3 Be7 8. O-O
O-O 9. Qd3 Be6 10. Rd1 Qc7 11. Be3 Nbd7 12. Nd5 Bxd5 13. exd5 Ne8 14. a4 f5 15.
a5 Rc8 16. c4 Qd8 17. f4 exf4 18. Bxf4 Bg5 19. Qd2 Bxf4 20. Qxf4 Qf6 21. Nd4 g5
22. Qg3 Ng7 23. b4 Ne5 24. Rac1 g4 25. c5 f4 26. Qf2 Nh5 27. Rc3 f3 28. gxf3 Nf4
29. Kh1 Nxd5 30. Bc4 Nxc4 31. Rxc4 dxc5 32. Rxc5 Rxc5 33. bxc5 Kh8 34. Rg1 h5 1/2-1/2

[Event "Reykjavik Open 2026"]
[Site "Reykjavik ISL"]
[Date "2026.03.29"]
[Round "7.4"]
[White "Wadsworth, Matthew J"]
[Black "Makkar, Rajat"]
[Result "1-0"]
[WhiteTitle "GM"]
[BlackTitle "IM"]
[WhiteElo "2522"]
[BlackElo "2418"]
[WhiteFideId "415804"]
[BlackFideId "36016810"]
[EventDate "2026.03.25"]

1. c4 e5 2. Nc3 d6 3. Nf3 f5 4. d4 e4 5. Ng1 c6 6. Bf4 Be7 7. e3 h5 8. h4 Bxh4
9. g3 Bf6 10. Rxh5 g6 11. Rxh8 Bxh8 12. g4 Nf6 13. gxf5 Bxf5 14. Qb3 b6 15. Qa3
Ke7 16. O-O-O a5 17. f3 Na6 18. fxe4 Nxe4 19. Bg2 Nf2 20. Bxc6 Nb4 21. Bxa8 Nxd1
22. Nd5+ Kf8 23. Nxb4 axb4 24. Qa7 g5 25. Bd5 Bg6 26. Nh3 gxf4 27. Nxf4 Qf6 28.
Kxd1 Bh5+ 29. Kd2 Qh4 30. Ne6+ Kg8 31. Ng5+ Kf8 32. Nh7+ Ke8 33. Bc6+ Kd8 34.
Qd7# 1-0